000 00613nam a2200241 i 4500
001 C2-0055571
003 PPAK
005 20190630222102.0
008 970227s1984 enk |||| ||||| | eng d
020 _a034038932X
040 _aPPAK
_beng
_cPPAK
_erda
082 0 4 _a823
_223
090 0 0 _a823
_bCOR
_dG
100 1 _aCordeli, Alexander,
_eauthor
245 1 0 _aPeerless Jim
264 1 _aKent :
_bHodder & Stoughton ,
_c1984
300 _a368 pages ;
_c18 cm
336 _2rdacontent
_atext
337 _2rdamedia
_aunmediated
338 _2rdacarrier
_avolume
650 1 0 _aEnglish fiction
942 _ddc
_cB
999 _c6887
_d6887